000 00827cam a22002413a 4500
001 6196
003 PGUSA
005 20140828083129.0
008 040701s2004||||xxu|||||s|||||000 1 eng d
040 _aPGUSA
_beng
042 _adc
050 4 _aPS
100 1 _aParker, Gilbert,
_d1862-1932
245 1 0 _aCumner's Son and Other South Sea Folk — Volume 02
_h[electronic resource] /
_cGilbert Parker
260 _bProject Gutenberg,
_c2004
505 0 _aThe high court of Budgery-Gar -- An epic in yellow -- Dibbs, R.N. -- A little masquerade -- Derelict -- Old roses -- My wife's lovers -- The stranger's hut.
506 _aPublic domain in the USA.
516 _aElectronic text
653 _aOceania -- Fiction
830 0 _aProject Gutenberg
_v6196
856 4 0 _uhttp://www.gutenberg.org/ebooks/6196
942 _cEB
999 _c235519
_d235519